| 000 | 00846nam a22002655i 4500 | ||
|---|---|---|---|
| 001 | 10949 | ||
| 003 | ES-MaACL | ||
| 005 | 20230906150009.0 | ||
| 007 | t| | ||
| 008 | 930427s1992 sp ||||0| spa j | ||
| 020 | _a84-7884-083-4 | ||
| 040 |
_aM-BN _bspa _cM-BN |
||
| 080 | _a303.424:379.8 | ||
| 080 | _a379.8:303.424 | ||
| 100 | 1 |
_aVentosa Pérez, Víctor Juan. _9113913 |
|
| 245 | 1 | 0 |
_aEvaluación de la animación sociocultural _b: guía de orientación para animadores / _cVíctor Juan Ventosa Pérez. |
| 260 |
_aMadrid : _bEditorial Popular, _cD.L. 1992. |
||
| 300 |
_a159 p ; _c21 cm. |
||
| 490 | 1 |
_aPromoción cultural ; _v19 |
|
| 504 | _aBibliografía: p. 155-156. | ||
| 650 |
_aAnimación cultural. _99828 |
||
| 830 | 0 |
_aPromoción cultural ; _v19 _9178654 |
|
| 852 |
_aES-MaACL _jL-18281 _bR.121889 |
||
| 999 |
_c10949 _d10949 |
||